| 000 | 00442nam a2200181Ia 4500 | ||
|---|---|---|---|
| 003 | OSt | ||
| 005 | 20260318145902.0 | ||
| 008 | 250729s2008 xx 000 0 und d | ||
| 040 | _cAL | ||
| 041 | _akan | ||
| 082 | _a494.50 KARK | ||
| 100 |
_aKarnataka Govt _9230330 |
||
| 245 | _aKannada kasthuri - 8th std | ||
| 260 |
_aBangalore _bKarnataka Text Book Socity _c2008 |
||
| 300 | _a206p | ||
| 650 |
_aKannada _9230331 |
||
| 942 |
_2ddc _cBED |
||
| 999 |
_c238728 _d238728 |
||